000 00276nam a22001217a 4500
008 160505b xxu||||| |||| 00| 0 eng d
020 _a0070390800
020 _a0071111867
041 _aeng
080 _a611
245 _aHuman anatomy:
_cKenneth S. Saladin;
942 _2udc
_cBK
999 _c1810
_d1810